| 000 | 00579nam-a2200181-a-4500 | ||
|---|---|---|---|
| 001 | YSU0102736 | ||
| 003 | AM-YeHGA | ||
| 005 | 20250617153752.0 | ||
| 008 | 990518s1960 xxu 000 0 rus u | ||
| 040 | _aAM-YeHGA | ||
| 100 | 1 | 0 | _aКриштофович, А.Н. |
| 245 | 1 | 0 |
_aМеловая флора Сахалина / _cА.Н. Криштофович, Т.Н. Байковская |
| 260 |
_aЛ., _aМосква : _bАН СССР , _c1960. |
||
| 300 |
_a122 с. _bи _c. |
||
| 650 | 4 | _aПалеоботаника | |
| 700 | 1 | _aБайковская, Т.Н. | |
| 090 | _c399683 | ||
| 999 |
_c397580 _d397580 |
||